ការវាយតំលៃវារីវប្បកម្មតាមស្រះអមផ្លូវនៅប៉ែកអគ្នេយ៍ប្រទេសកម្ពុជា (Record no. 3607)

000 -LEADER
fixed length control field 00580nam a22001577a 4500
003 - CONTROL NUMBER IDENTIFIER
control field OSt
005 - DATE AND TIME OF LATEST TRANSACTION
control field 20151118153708.0
008 - FIXED-LENGTH DATA ELEMENTS--GENERAL INFORMATION
fixed length control field 151118b xxu||||| |||| 00| 0 eng d
040 ## - CATALOGING SOURCE
Transcribing agency RUA
082 ## - DEWEY DECIMAL CLASSIFICATION NUMBER
Classification number FIS ឡាំ 1994 B155 Or.1
100 ## - MAIN ENTRY--PERSONAL NAME
9 (RLIN) 3880
Personal name ឡាំ ខ័នណាឬទ្ធិ
245 ## - TITLE STATEMENT
Title ការវាយតំលៃវារីវប្បកម្មតាមស្រះអមផ្លូវនៅប៉ែកអគ្នេយ៍ប្រទេសកម្ពុជា
260 ## - PUBLICATION, DISTRIBUTION, ETC. (IMPRINT)
Place of publication, distribution, etc. Phnom Penh
Name of publisher, distributor, etc. RUA
Date of publication, distribution, etc. 1994
300 ## - PHYSICAL DESCRIPTION
Extent 114p.
Other physical details ill.
Dimensions 29cm.
942 ## - ADDED ENTRY ELEMENTS (KOHA)
Source of classification or shelving scheme
Koha item type FIS
Holdings
Price effective from Date last seen Permanent Location Not for loan Date acquired Source of classification or shelving scheme Koha item type Barcode Lost status Damaged status Shelving location Withdrawn status Current Location Full call number
2015-11-182015-11-18Library Block B 2015-11-18 FISRUA025651  B155 Library Block BFIS ឡាំ 1994 B155 Or.1
2015-11-182015-11-18Library Block B 2015-11-18 FISRUA025579  B155 Library Block BFIS ឡាំ 1994 B155 Or.2
2015-11-182015-11-18Library Block B 2015-11-18 FISRUA025507  B155 Library Block BFIS ឡាំ 1994 B155 Or.3
2015-11-182015-11-18Library Block B 2015-11-18 FISRUA025933  B155 Library Block BFIS ឡាំ 1994 B155 Or.4
2015-11-182015-11-18Library Block B 2015-11-18 FISRUA025861  B155 Library Block BFIS ឡាំ 1994 B155 Or.5
2015-11-182015-11-18Library Block B 2015-11-18 FISRUA025795  B155 Library Block BFIS ឡាំ 1994 B155 Or.6
2015-11-182015-11-18Library Block B 2015-11-18 FISRUA025723  B155 Library Block BFIS ឡាំ 1994 B155 Or.7
2015-11-182015-11-18Library Block B 2015-11-18 FISRUA025789  B155 Library Block BFIS ឡាំ 1994 B155 Or.8
2015-11-182015-11-18Library Block B 2015-11-18 FISRUA025717  B155 Library Block BFIS ឡាំ 1994 B155 Or.9
2015-11-182015-11-18Library Block B 2015-11-18 FISRUA011154  B155 Library Block BFIS ឡាំ 1994 B155 Or.10
មជ្ឈមណ្ឌលឯការនៃសាកលវិទ្យាល័យភូមិន្ទកសិកម្មចំការដូង

Powered by Koha